书目信息 |
| 题名: |
润滑技术及应用
|
|
| 作者: | 黄志坚 编著 | |
| 分册: | ||
| 出版信息: | 北京 化学工业出版社 2015 |
|
| 页数: | 259页 | |
| 开本: | 26cm | |
| 丛书名: | ||
| 单 册: | ||
| 中图分类: | TH117.2 | |
| 科图分类: | ||
| 主题词: | 润滑--Run Hua--基本知识 | |
| 电子资源: | ||
| ISBN: | 978-7-122-23292-2 | |
| 000 | 01043nam0 2200253 450 | |
| 001 | 1635629106 | |
| 005 | 20150314115356.0 | |
| 010 | @a978-7-122-23292-2@dCNY78.00 | |
| 100 | @a20150901d2015 em y0chiy50 ea | |
| 101 | 0 | @achi |
| 102 | @aCN@b110000 | |
| 105 | @aak a 000yy | |
| 106 | @ar | |
| 200 | 1 | @a润滑技术及应用@ARun Hua Ji Shu Ji Ying Yong@f黄志坚编著 |
| 210 | @a北京@c化学工业出版社@d2015 | |
| 215 | @a259页@c图@d26cm | |
| 320 | @a有书目 | |
| 330 | @a本书内容主要涉及润滑技术基础知识、润滑油的性能与分类、润滑脂的性能与分类、润滑元件与系统,以及典型设备润滑技术及应用实例,最后给出润滑系统维护诊断与监测方法。本书既介绍一般的润滑技术知识也收入了润滑工作实例,有利于读者既掌握润滑工作要领又通过实例掌握具体的方法。 | |
| 333 | @a本书的读者主要是广大工矿企业一线设备管理维修人员。本书可作为高校机电类专业师生的教学参考书,也可作为润滑专业技术培训的教材。 | |
| 606 | 0 | @a润滑@ARun Hua@x基本知识 |
| 690 | @aTH117.2@v5 | |
| 701 | 0 | @a黄志坚@AHuang Zhi Jian@4编著 |
| 801 | 0 | @aCN@b江苏新华@c20150511 |
| 905 | @aBZT@dTH117.2@e3 | |
| 润滑技术及应用/黄志坚编著.-北京:化学工业出版社,2015 |
| 259页:图;26cm |
| 使用对象:本书的读者主要是广大工矿企业一线设备管理维修人员。本书可作为高校机电类专业师生的教学参考书,也可作为润滑专业技术培训的教材。 |
| ISBN 978-7-122-23292-2:CNY78.00 |
| 本书内容主要涉及润滑技术基础知识、润滑油的性能与分类、润滑脂的性能与分类、润滑元件与系统,以及典型设备润滑技术及应用实例,最后给出润滑系统维护诊断与监测方法。本书既介绍一般的润滑技术知识也收入了润滑工作实例,有利于读者既掌握润滑工作要领又通过实例掌握具体的方法。 |
| ● |
| 相关链接 |
|
|
|
正题名:润滑技术及应用
索取号:TH117.2/3
 
预约/预借
| 序号 | 登录号 | 条形码 | 馆藏地/架位号 | 状态 | 备注 |
| 1 | 797674 | 2000797674 | 第二书库/ [索取号:TH117.2/3] | 在馆 | |
| 2 | 797675 | 2000797675 | 第二书库/ [索取号:TH117.2/3] | 在馆 | |
| 3 | 797676 | 2000797676 | 第二书库/ [索取号:TH117.2/3] | 在馆 |